MARC

LEADER 00000nam0a2200000 4500
001 38824
005 20231101210525.0
035 |a (RuTPU)RU\TPU\book\39653 
090 |a 38824 
100 |a 20020319d1979 km y0rusy50 ca 
101 0 |a rus 
102 |a RU 
105 |a a z 001zy 
200 1 |a Введение в теорию столкновений  |f А. М. Кольчужкин , В. В. Учайкин 
210 |a Томск  |c Изд-во Томского ун-та  |d 1979 
215 |a 141 с.  |c ил. 
320 |a Библиогр.: с. 137-139. 
606 1 |a Элементарные частицы  |x Взаимодействие с веществом  |x (ядерная физика)  |2 stltpush  |3 (RuTPU)RU\TPU\subj\21087  |9 46129 
610 1 |a столкновения 
610 1 |a взаимодействия 
610 1 |a нейтроны 
610 1 |a электромагнитные излучения 
610 1 |a рассеяние 
610 1 |a физика 
675 |a 539.121.7  |v 3 
700 1 |a Кольчужкин  |b А. М.  |g Анатолий Михайлович 
701 1 |a Учайкин  |b В. В.  |g Владимир Васильевич 
801 1 |a RU  |b 63413507  |c 20020319  |g PSBO 
801 2 |a RU  |b 63413507  |c 20201116  |g PSBO 
900 |a Прохождение излучений через вещество 
900 |a Взаимодействие излучения с веществом 
900 |a Нейтронная физика 
900 |a Введение в теорию переноса ионизирующих излучений 
900 |a Теория физических полей 
942 |c BK